Music Quiz

Random Music or Lyrics Quiz

Name the Fall Out Boy Song By Closing Line Quiz Stats

Quiz not verified by Sporcle

Challenge
Share
Tweet
Embed
Score 0/30 Timer 10:00
0 Plays Today
Closing Line Song Title % Correct
This is the road to ruin, and we're starting at the end.Alone Together
90.9%
I set my clocks early 'cause I know I'm always late.A Little Less Sixteen Candles, a Little More 'Touch Me'
75.8%
Are you ready for another bad poem?Rat a Tat
75.3%
You were the last good thing about this part of town.Grand Theft Autumn/Where Is Your Boy
73.2%
I'm a leading man, and the lies I weave are oh so intricate, oh so intricate.This Ain't a Scene, It's an Arms Race
72.4%
Fix me in 45.Thriller
62.5%
Merry Christmas, I could care less.Yule Shoot Your Eye Out
60.8%
Ex-friends 'til the end, better off as lovers.Bang the Doldrums
59.3%
I sing the blues and swallow them too.Hum Hallelujah
52.3%
Three times for the holy ghost.West Coast Smoker
51.7%
Can't cover it up, can't cover it up.I Slept With Someone In Fall Out Boy and All I Got Was This Stupid Song Written About Me
51%
I'm writing you a chorus and here is your verse, here is your.Dead On Arrival
49.6%
Nobody wants to hear you sing about tragedy.Disloyal Order of Water Buffaloes
48.9%
We love a lot so we only lose a little, but we are alive, we are alive, we are alive.Death Valley
48.4%
'What did it ever do for me?' I say.Xo
40.8%
Closing Line Song Title % Correct
Oh, darling, I know what you're going through.Headfirst Slide Into Cooperstown On a Bad Bet
40.8%
And this is you and me, and me and you until we've got nothing left.Get Busy Living or Get Busy Dying (Do Your Part to Save the Scene and Stop Going to Shows)
39.6%
Hand behind this pen relives a failure every day.Nobody Puts Baby In the Corner
34.8%
Get, get, get, get, get out, get, get, get, get, get out now.The (Shipped) Gold Standard
33.7%
With every breath I wish your body will be broken again.Chicago Is So Two Years Ago
31.7%
Half-dead from comparing myself to everyone else around me, to everyone else around me, everyone else around me, everyone else around me.I've Got a Dark Alley and a Bad Idea That Says You Should Shut Your Mouth (Summer Song)
29.7%
These friends are, new friends are goldenHomesick At Space Camp
28.4%
You know that I could crush you with my voice.The Pros and Cons of Breathing
25.1%
We're broken down on memory lane, alone together, we're alone.Don't You Know Who I Think I Am?
24.6%
You can thank your lucky stars that everything I wished for will never come true.Sending Postcards From a Plane Crash (Wish You Were Here)
22.7%
So bury me in memory around your throat.Tell That Mick He Just Made My List of Things To Do Today
19.9%
We're gonna shoot you.It's Hard To Say 'I Do', When I Don't
18.4%
We're high fashion and last chances.The Music or the Misery
14.5%
I guess I'm on my own.Growing Up
10.2%
Think of all the places where you've been lost and found out.It's Not a Side Effect of the Cocaine, I Am Thinking It Must Be Love
8.7%

You're not logged in!

Compare scores with friends on all Sporcle quizzes.
Sign Up with Email
OR
Log In

You Might Also Like...

Show Comments

Extras

Top Quizzes Today


Score Distribution

Your Account Isn't Verified!

In order to create a playlist on Sporcle, you need to verify the email address you used during registration. Go to your Sporcle Settings to finish the process.